[Event "SV Wattenscheid 3 - SV Horst-Emscher 2"]
[Site "Verbandsklasse - Gruppe 1 201"]
[Date "2018.11.04"]
[Round "3.3"]
[White "Hiebsch, Catalina"]
[Black "Thelen, Thomas"]
[Result "1/2-1/2"]
[WhiteElo "1753"]
[BlackElo "1979"]
[PlyCount "41"]
[EventDate "2018.??.??"]

1. e4 c5 2. Nc3 a6 3. a3 b5 4. d3 Bb7 5. f4 e6 6. Nf3 Nc6 7. Be2 g6 8. O-O d6
9. Be3 Nge7 10. Qd2 Bg7 11. d4 cxd4 12. Nxd4 Nxd4 13. Bxd4 e5 14. Be3 d5 15.
exd5 Nxd5 16. Nxd5 Qxd5 17. Qxd5 Bxd5 18. Rad1 exf4 19. Rxf4 Be6 20. Bd4 Bxd4+
21. Rfxd4 1/2-1/2

[Event "SV Wattenscheid 3 - SV Horst-Emscher 2"]
[Site "Verbandsklasse - Gruppe 1 201"]
[Date "2018.11.04"]
[Round "3.4"]
[White "Peter, Thomas"]
[Black "Verfuerth, Christian"]
[Result "1-0"]
[WhiteElo "2149"]
[BlackElo "1836"]
[PlyCount "67"]
[EventDate "2018.??.??"]

1. e4 e6 2. d4 d5 3. Nc3 Bb4 4. e5 c5 5. a3 Bxc3+ 6. bxc3 Qa5 7. Bd2 Qa4 8. Qg4
g6 9. Qd1 Nc6 10. Nf3 h6 11. dxc5 Qe4+ 12. Be2 Nxe5 13. Nxe5 Qxe5 14. O-O Bd7
15. Be3 Rh7 16. Qd2 O-O-O 17. Bf4 Qf6 18. Qe3 Bc6 19. Be5 Qe7 20. a4 f6 21. Bd6
Qd7 22. Bb5 Ne7 23. Bxe7 Rxe7 24. Qxh6 Rg8 25. Qf4 Rf7 26. Rfe1 e5 27. Bxc6
bxc6 28. Qb4 Kd8 29. c4 d4 30. c3 d3 31. Rad1 Ke7 32. Qb1 Rd8 33. Re3 d2 34.
Qxg6 1-0

[Event "SV Wattenscheid 3 - SV Horst-Emscher 2"]
[Site "Verbandsklasse - Gruppe 1 201"]
[Date "2018.11.04"]
[Round "3.5"]
[White "Rebentisch, Sebastian"]
[Black "Thon, Manfred"]
[Result "1/2-1/2"]
[WhiteElo "1719"]
[BlackElo "1838"]
[PlyCount "38"]
[EventDate "2018.??.??"]

1. e4 c5 2. Nf3 e6 3. d4 cxd4 4. Nxd4 a6 5. Nc3 Qc7 6. a3 Nf6 7. Be3 Bc5 8. Be2
O-O 9. O-O d6 10. Qd2 b5 11. f3 Bb7 12. Rfd1 d5 13. exd5 Nxd5 14. Nxd5 Bxd5 15.
Rac1 Nc6 16. Nxc6 Qxc6 17. Bxc5 Qxc5+ 18. Qd4 Rfc8 19. Qxc5 Rxc5 1/2-1/2

[Event "SV Wattenscheid 3 - SV Horst-Emscher 2"]
[Site "Verbandsklasse - Gruppe 1 201"]
[Date "2018.11.04"]
[Round "3.6"]
[White "Doehmann, Joerg"]
[Black "Schreiner, Paulo"]
[Result "1/2-1/2"]
[WhiteElo "1717"]
[BlackElo "1715"]
[PlyCount "61"]
[EventDate "2018.??.??"]

1. d4 d5 2. Bf4 Nf6 3. e3 Bf5 4. Nd2 e6 5. Ngf3 Bd6 6. Bxd6 Qxd6 7. Bd3 Bg4 8.
h3 Bh5 9. O-O Nbd7 10. c4 c6 11. Qb3 O-O 12. Rac1 Qc7 13. Rc2 Nb6 14. Ne5 dxc4
15. Ndxc4 Nxc4 16. Rxc4 Nd7 17. Nxd7 Qxd7 18. Qc2 Bg6 19. Bxg6 hxg6 20. Rc1 a6
21. Rc5 Rfd8 22. b4 Qe7 23. Qe4 Rd7 24. h4 Rad8 25. a3 Rd5 26. g3 Rxc5 27. Rxc5
Rd5 28. Rxd5 cxd5 29. Qc2 Qd7 30. Kg2 Kf8 31. Qc5+ 1/2-1/2

[Event "SV Wattenscheid 3 - SV Horst-Emscher 2"]
[Site "Verbandsklasse - Gruppe 1 201"]
[Date "2018.11.04"]
[Round "3.7"]
[White "Renn, Thorsten"]
[Black "Schlee, Ulrich"]
[Result "1/2-1/2"]
[WhiteElo "1752"]
[BlackElo "1704"]
[PlyCount "61"]
[EventDate "2018.??.??"]

1. e4 e5 2. f4 d5 3. exd5 exf4 4. Nf3 Nf6 5. Bc4 Nxd5 6. Qe2+ Be7 7. O-O Nc6 8.
Qe4 Be6 9. Bb5 Qd6 10. d4 O-O 11. c4 Nf6 12. Qxf4 Qxf4 13. Bxf4 Nb4 14. Nbd2 c6
15. Ba4 Nd3 16. Ne1 Nxf4 17. Rxf4 Bb4 18. Nef3 Rad8 19. Bb3 Rfe8 20. Ne4 Nxe4
21. Rxe4 Bf5 22. Rxe8+ Rxe8 23. Kf2 Kf8 24. Rd1 f6 25. a3 Ba5 26. Ba4 Rd8 27.
b4 Bb6 28. b5 cxb5 29. Bxb5 Bg4 30. Ke3 Bxf3 31. gxf3 1/2-1/2

[Event "SV Wattenscheid 3 - SV Horst-Emscher 2"]
[Site "Verbandsklasse - Gruppe 1 201"]
[Date "2018.11.04"]
[Round "3.8"]
[White "Buechle, Regina"]
[Black "Ponto, Michael"]
[Result "1-0"]
[WhiteElo "1681"]
[BlackElo "1666"]
[PlyCount "59"]
[EventDate "2018.??.??"]

1. d4 d5 2. Nf3 Nf6 3. c4 c6 4. cxd5 cxd5 5. Nc3 Nc6 6. Bf4 a6 7. a3 Qb6 8. b4
Bf5 9. e3 e6 10. h3 h6 11. Bd3 Bxd3 12. Qxd3 Be7 13. O-O O-O 14. Na4 Qa7 15.
Rfc1 Rfc8 16. Ne5 Nxe5 17. Bxe5 b6 18. Rc2 Rxc2 19. Qxc2 Nd7 20. Qc6 b5 21. Nc5
Nb6 22. Qc7 Qxc7 23. Bxc7 Bxc5 24. dxc5 Na4 25. Rc1 Rc8 26. Bd6 Rc6 27. Rc2 f6
28. f3 Nb6 29. cxb6 Rxc2 30. b7 1-0

[Event "SC Mülheim 1 - SG Mengede 1"]
[Site "Verbandsklasse - Gruppe 1 201"]
[Date "2018.11.04"]
[Round "3.1"]
[White "Pauling, Markus"]
[Black "Viebahn, Dirk"]
[Result "1/2-1/2"]
[WhiteElo "2182"]
[BlackElo "2117"]
[PlyCount "53"]
[EventDate "2018.??.??"]

1. e4 e5 2. Bc4 Nf6 3. d4 exd4 4. Nf3 Nc6 5. Bg5 Be7 6. e5 Ne4 7. Bf4 d5 8. Bb5
Bd7 9. Bxc6 bxc6 10. Nxd4 c5 11. Ne2 Bc6 12. f3 Ng5 13. c3 Ne6 14. Be3 Rb8 15.
Qd2 f6 16. Nf4 Nxf4 17. Bxf4 fxe5 18. Bxe5 Bh4+ 19. g3 Bf6 20. Bxf6 Qxf6 21.
O-O O-O 22. Na3 d4 23. Rf2 Rbd8 24. cxd4 Rxd4 25. Qc3 Qd6 26. Nc4 Rd1+ 27. Kg2
1/2-1/2

[Event "SC Mülheim 1 - SG Mengede 1"]
[Site "Verbandsklasse - Gruppe 1 201"]
[Date "2018.11.04"]
[Round "3.2"]
[White "Langschmidt, Dirk"]
[Black "Borgschulze, Maik"]
[Result "1-0"]
[WhiteElo "1986"]
[BlackElo "2134"]
[PlyCount "55"]
[EventDate "2018.??.??"]

1. e4 e6 2. d4 d5 3. Nc3 Bb4 4. exd5 exd5 5. Qf3 c6 6. Bd3 Nf6 7. Bg5 Be7 8.
Nge2 O-O 9. h3 Nbd7 10. O-O-O b5 11. Ng3 Nb6 12. Rhe1 Re8 13. Rxe7 Qxe7 14. Nh5
Nbd7 15. Bxb5 Qd6 16. Bxf6 Nxf6 17. Nxf6+ gxf6 18. Nxd5 Kg7 19. Ne3 Bd7 20. Bd3
Rab8 21. Qh5 Qxd4 22. Qxh7+ Kf8 23. Qh6+ Ke7 24. c3 Qa4 25. Bf5 Red8 26. Bxd7
Rxd7 27. Nf5+ Ke6 28. Re1+ 1-0

[Event "SC Mülheim 1 - SG Mengede 1"]
[Site "Verbandsklasse - Gruppe 1 201"]
[Date "2018.11.04"]
[Round "3.3"]
[White "Bork, Sophie"]
[Black "Achenbach, Manfred"]
[Result "1-0"]
[WhiteElo "1911"]
[BlackElo "1881"]
[PlyCount "43"]
[EventDate "2018.??.??"]

1. e4 c5 2. c3 Nf6 3. e5 Nd5 4. Nf3 g6 5. Bc4 e6 6. d4 Nb6 7. Bb3 c4 8. Bc2 Bg7
9. Bg5 Qc7 10. Nbd2 Nd5 11. Ne4 O-O 12. Qd2 Nc6 13. Bh6 f5 14. Nd6 Nd8 15. h4
Nf7 16. Bxg7 Kxg7 17. Nxf7 Rxf7 18. h5 f4 19. hxg6 hxg6 20. Ng5 Rf5 21. Bxf5
gxf5 22. Qe2 1-0

[Event "SC Mülheim 1 - SG Mengede 1"]
[Site "Verbandsklasse - Gruppe 1 201"]
[Date "2018.11.04"]
[Round "3.4"]
[White "Riese, Manfred"]
[Black "Weinert, Christian"]
[Result "0-1"]
[WhiteElo "1827"]
[BlackElo "1987"]
[PlyCount "174"]
[EventDate "2018.??.??"]

1. c4 Nf6 2. g3 e6 3. Bg2 d5 4. Nf3 d4 5. d3 c5 6. Bg5 h6 7. Bxf6 Qxf6 8. Nbd2
Nc6 9. O-O Qd8 10. a3 a5 11. b3 Be7 12. Rb1 O-O 13. Ne1 e5 14. Nc2 Bg4 15. h3
Be6 16. Kh2 Qd7 17. Qe1 Bd8 18. Ne4 Be7 19. Nd2 Ra7 20. Rb2 b6 21. a4 Rc7 22.
Na3 Nb4 23. Nb5 Rcc8 24. Qd1 f5 25. Rh1 Bg5 26. Nf3 Bf6 27. Nd2 Rce8 28. h4 g5
29. hxg5 hxg5 30. Kg1 Kg7 31. f3 Rh8 32. Kf2 Rxh1 33. Bxh1 Rh8 34. Bg2 Kf8 35.
Qf1 Qh7 36. Ke1 Ke7 37. Qf2 Bd7 38. Na3 Bc6 39. Nc2 Na6 40. Kd1 Nc7 41. Ne1 Ne8
42. Kc2 Nd6 43. Rb1 Qg6 44. Kb2 e4 45. Nf1 e3 46. Qg1 f4 47. Bh1 Qh7 48. Bg2
Be5 49. Ka2 fxg3 50. f4 Bxg2 51. fxe5 Nf5 52. Qxg2 Qh1 53. Nxg3 Qxg2 54. Nxf5+
Ke6 55. Nxd4+ cxd4 56. Nxg2 Rf8 57. Ne1 Rf2 58. Nf3 g4 59. Nxd4+ Kxe5 60. Nc6+
Kf4 61. Nd4 g3 62. Rg1 g2 63. b4 axb4 64. Kb3 Kg3 65. Kxb4 Rf1 66. Rxg2+ Kxg2
67. c5 Rb1+ 68. Kc4 Rc1+ 69. Kd5 bxc5 70. Nf5 Kf2 71. Ke4 Rc2 72. a5 Rxe2 73.
a6 Ra2 74. Nxe3 Rxa6 75. Ng4+ Ke2 76. Ne5 Re6 77. d4 c4 78. d5 Re8 79. Kd4 c3
80. Kxc3 Rxe5 81. Kd4 Re8 82. d6 Kf3 83. Kd5 Kf4 84. d7 Rh8 85. Kd6 Kf5 86. Ke7
Rh7+ 87. Ke8 Ke6 0-1

[Event "SC Mülheim 1 - SG Mengede 1"]
[Site "Verbandsklasse - Gruppe 1 201"]
[Date "2018.11.04"]
[Round "3.5"]
[White "Delvos, Thorsten"]
[Black "Straenger, Petra"]
[Result "1-0"]
[WhiteElo "1972"]
[BlackElo "1814"]
[PlyCount "95"]
[EventDate "2018.??.??"]

1. c4 c6 2. g3 Nf6 3. Bg2 d5 4. Nf3 g6 5. b3 Bg7 6. Bb2 O-O 7. O-O Bf5 8. d3
dxc4 9. bxc4 Qb6 10. Qc2 Re8 11. Nbd2 Nbd7 12. e4 Be6 13. d4 Bg4 14. e5 Bf5 15.
Qb3 Ne4 16. Rfe1 Nxd2 17. Nxd2 Qxb3 18. Nxb3 Nb6 19. Na5 Rab8 20. d5 cxd5 21.
cxd5 Rec8 22. Ba3 Nd7 23. f4 Nc5 24. Rec1 b6 25. Nc6 Rb7 26. Bxc5 bxc5 27. Rxc5
Kf8 28. Rac1 a6 29. Bf3 Rb2 30. Nd4 Rxc5 31. Rxc5 Bh3 32. Rc2 Rb1+ 33. Kf2 h5
34. g4 Ke8 35. gxh5 g5 36. fxg5 Bxe5 37. Ke3 Rb4 38. Rd2 Ra4 39. Bd1 Bxd4+ 40.
Rxd4 Rxa2 41. Rh4 Kf8 42. Bf3 Bd7 43. Be4 a5 44. g6 fxg6 45. hxg6 a4 46. Rh8+
Kg7 47. Rh7+ Kf8 48. d6 1-0

[Event "SC Mülheim 1 - SG Mengede 1"]
[Site "Verbandsklasse - Gruppe 1 201"]
[Date "2018.11.04"]
[Round "3.6"]
[White "Riek, Wolfgang"]
[Black "Kraus, Reinhard"]
[Result "1-0"]
[WhiteElo "1786"]
[BlackElo "1733"]
[PlyCount "93"]
[EventDate "2018.??.??"]

1. Nf3 Nf6 2. d4 e6 3. c4 c5 4. Nc3 cxd4 5. Nxd4 a6 6. e4 Qc7 7. Be3 Nc6 8. Be2
Ne5 9. Qb3 Bc5 10. h3 O-O 11. O-O b6 12. Rad1 Bb7 13. f4 Nc6 14. e5 Nxd4 15.
Bxd4 Ne4 16. Nxe4 Bxe4 17. Qe3 Bxd4 18. Qxd4 Bc6 19. Qd6 Rac8 20. c5 bxc5 21.
Bxa6 Qxd6 22. Rxd6 Ra8 23. Bc4 Rfb8 24. Rd2 Kf8 25. Rc1 Ke7 26. Bb3 Ra5 27.
Rdc2 d6 28. exd6+ Kxd6 29. Rd2+ Ke7 30. Rdc2 Kd6 31. Bc4 Rd8 32. Rd1+ Bd5 33.
Rcd2 Kc6 34. b3 g6 35. a4 Raa8 36. Kf2 Rd6 37. Rd3 Rad8 38. Bb5+ Kc7 39. Rc1
Kb6 40. Rdc3 Ka5 41. Rxc5 Bxb3 42. Bc6+ Kb4 43. Rb5+ Ka3 44. Rc3 Rd2+ 45. Ke3
Rb2 46. a5 Rdd2 47. Rcxb3+ 1-0

[Event "SC Mülheim 1 - SG Mengede 1"]
[Site "Verbandsklasse - Gruppe 1 201"]
[Date "2018.11.04"]
[Round "3.7"]
[White "Ewers, Christian"]
[Black "Meyer, Friedel"]
[Result "1-0"]
[WhiteElo "1733"]
[BlackElo "1765"]
[PlyCount "123"]
[EventDate "2018.??.??"]

1. e4 e5 2. f4 d6 3. Nf3 Nf6 4. Qe2 Nc6 5. c3 Bg4 6. d3 Be7 7. h3 Bxf3 8. Qxf3
d5 9. f5 d4 10. c4 Bb4+ 11. Kf2 Be7 12. a3 g6 13. g4 Nd7 14. Be2 h5 15. Nd2
hxg4 16. hxg4 Bh4+ 17. Kg2 Qf6 18. b4 O-O-O 19. Nb3 Rdg8 20. Bd2 Ne7 21. Kf1
gxf5 22. exf5 Rh7 23. Qe4 Rgh8 24. Bf3 c6 25. Ke2 Bg5 26. Rxh7 Rxh7 27. Rh1
Rxh1 28. Bxh1 Bxd2 29. Nxd2 Qh6 30. Bf3 Qh2+ 31. Bg2 Nf6 32. Qf3 Qh4 33. Qh3
Qxg4+ 34. Qxg4 Nxg4 35. Bh3 Ne3 36. f6+ N7f5 37. Nf3 Kd7 38. Nxe5+ Ke6 39. Nf3
Kxf6 40. a4 Nc2 41. b5 c5 42. a5 b6 43. a6 Nce3 44. Nd2 Ng7 45. Ne4+ Ke5 46.
Nxc5 Nh5 47. Bc8 Kd6 48. Nb3 Nf4+ 49. Kd2 Kc7 50. Bb7 Ne6 51. Bd5 Nxd5 52. cxd5
Nf4 53. Nxd4 Nxd5 54. Nc6 Kc8 55. Nxa7+ Kc7 56. Nc6 Kc8 57. Nd4 Kc7 58. Nf5 Kb8
59. d4 Kc7 60. Kd3 Kd7 61. Kc4 Nc7 62. d5 1-0

[Event "SC Mülheim 1 - SG Mengede 1"]
[Site "Verbandsklasse - Gruppe 1 201"]
[Date "2018.11.04"]
[Round "3.8"]
[White "Wisotzky, Klaus"]
[Black "Wiktor, Reinhard"]
[Result "1-0"]
[WhiteElo "1638"]
[BlackElo "1760"]
[PlyCount "179"]
[EventDate "2018.??.??"]

1. d4 Nf6 2. Nf3 d6 3. g3 g6 4. Bg2 Bg7 5. O-O O-O 6. Nbd2 c6 7. a4 Na6 8. c3
Qc7 9. Re1 e5 10. dxe5 dxe5 11. e4 Rd8 12. Qc2 Nc5 13. Nb3 Nxb3 14. Qxb3 Be6
15. Qc2 h6 16. h3 c5 17. c4 Ne8 18. b3 f5 19. Nd2 Qd7 20. Nf1 f4 21. Ba3 b6 22.
Rad1 Qf7 23. Rxd8 Rxd8 24. Rd1 Rd4 25. Bb2 f3 26. Bh1 Rxd1 27. Qxd1 Bxh3 28.
Qxf3 Bxf1 29. Qxf7+ Kxf7 30. Kxf1 Nd6 31. Ke2 g5 32. Bf3 Kg6 33. g4 Kf7 34. Kd3
Ke6 35. Bc3 Bf6 36. a5 Bd8 37. axb6 Bxb6 38. Bd2 Nb7 39. Kc2 Ba5 40. Be3 Kd6
41. Be2 Bb4 42. Bf3 Na5 43. Be2 Nc6 44. Kd3 Be1 45. Bd1 Nb4+ 46. Ke2 Bc3 47. f3
Bd4 48. Bd2 Nc6 49. Kd3 Bg1 50. Bc3 Bd4 51. Bd2 Bb2 52. Kc2 Ba3 53. Be3 Bb4 54.
Kd3 Kc7 55. Bc2 Ba3 56. Bd1 Bb2 57. Bxc5 Bc1 58. Bf8 a5 59. Bxh6 Kd7 60. Bf8
Bf4 61. Bc5 Nb4+ 62. Ke2 Na2 63. Bb6 Nc3+ 64. Ke1 Bg3+ 65. Kd2 Nb1+ 66. Kc1 Nc3
67. Bxa5 Be1 68. Kc2 Nxd1 69. Bxe1 Ne3+ 70. Kd3 Ng2 71. Bd2 Nh4 72. Ke2 Kc6 73.
Bxg5 Ng6 74. Kd3 Nf8 75. Be3 Ng6 76. b4 Kd6 77. Bg5 Kc6 78. b5+ Kb6 79. Kc3 Nf8
80. Kb4 Nd7 81. Be3+ Kb7 82. g5 Nf8 83. c5 Ne6 84. Kc4 Kc7 85. Kd5 Nd8 86. g6
Kc8 87. Bg5 Nb7 88. g7 Nd8 89. Bxd8 Kb7 90. Bb6 1-0

[Event "Wacker Bergeborbeck 1 - Königsspr. Hamm"]
[Site "Verbandsklasse - Gruppe 1 201"]
[Date "2018.11.04"]
[Round "3.1"]
[White "Lombardi, Marco"]
[Black "Landscheidt, Heinz"]
[Result "1-0"]
[WhiteElo "1784"]
[BlackElo "1848"]
[PlyCount "39"]
[EventDate "2018.??.??"]

1. e4 e5 2. Nf3 Nc6 3. Bc4 Bc5 4. c3 Nf6 5. d3 d6 6. h3 Qe7 7. Bb3 Be6 8. Bc2
Bb6 9. Nbd2 d5 10. Nf1 dxe4 11. dxe4 O-O 12. Qe2 Rad8 13. Ng3 Qc5 14. Bb3 Rfe8
15. Bg5 Bxb3 16. axb3 Re6 17. b4 Qd6 18. b5 Ne7 19. O-O Qd3 20. Rad1 1-0

[Event "Wacker Bergeborbeck 1 - Königsspr. Hamm"]
[Site "Verbandsklasse - Gruppe 1 201"]
[Date "2018.11.04"]
[Round "3.2"]
[White "Grodotzki, Thomas"]
[Black "Schulz, Alfons"]
[Result "1-0"]
[WhiteElo "1964"]
[BlackElo "1838"]
[PlyCount "131"]
[EventDate "2018.??.??"]

1. e4 c5 2. Nf3 d6 3. Bb5+ Bd7 4. Bxd7+ Qxd7 5. c4 Nc6 6. d4 cxd4 7. Nxd4 Nf6
8. f3 e6 9. Bg5 Be7 10. Nc3 O-O 11. O-O Rfd8 12. Rc1 h6 13. Be3 Ne5 14. b3 g5
15. Qd2 Ng6 16. Rcd1 Rac8 17. g3 Kh7 18. Kh1 b6 19. Qg2 Rg8 20. Nce2 Qb7 21.
Bc1 a6 22. Qh3 Ne5 23. Nxe6 fxe6 24. Qxe6 Qd7 25. Qxd7 Nexd7 26. Nd4 Rg6 27.
Nf5 Ng8 28. Ba3 Nc5 29. Rd2 a5 30. Rfd1 Rc6 31. g4 Kh8 32. Bb2+ Kh7 33. Kg2 Nb7
34. e5 Re6 35. Nd4 dxe5 36. Nxc6 Rxc6 37. Bxe5 Nc5 38. Bd6 Bf6 39. Bxc5 bxc5
40. Rd7+ Kh8 41. R1d6 Rc8 42. Ra7 Re8 43. Rdd7 Ne7 44. Rxa5 Bd4 45. Rda7 Nc8
46. Ra8 Kg7 47. R5a7+ Kf6 48. Ra6+ Kg7 49. Rc6 Re2+ 50. Kf1 Rf2+ 51. Ke1 Ne7
52. Rc7 Kf6 53. Ra6+ Kf7 54. Raa7 Rxh2 55. Rxe7+ Kf6 56. Re2 Rh3 57. Rae7 Kg6
58. R2e6+ Bf6 59. Rc7 Rxf3 60. Rxc5 h5 61. gxh5+ Kxh5 62. Re4 Rh3 63. Rf5 Kg6
64. Rf2 Rh1+ 65. Rf1 Rh2 66. Re6 1-0

[Event "Wacker Bergeborbeck 1 - Königsspr. Hamm"]
[Site "Verbandsklasse - Gruppe 1 201"]
[Date "2018.11.04"]
[Round "3.3"]
[White "Michalicek, Roland"]
[Black "Mombeck, Michael"]
[Result "0-1"]
[WhiteElo "1845"]
[BlackElo "1983"]
[PlyCount "92"]
[EventDate "2018.??.??"]

1. e4 c5 2. Nf3 d6 3. d4 cxd4 4. Nxd4 Nf6 5. Nc3 g6 6. Bc4 Bg7 7. h3 O-O 8. O-O
Nc6 9. Be3 Bd7 10. a3 Rc8 11. Ba2 a6 12. Re1 Ne5 13. Qe2 b5 14. Rad1 Nc4 15.
Bxc4 Rxc4 16. f3 e5 17. Nb3 Qc7 18. Qd3 Rc6 19. Nc1 Be6 20. Qd2 Rb8 21. Re2 a5
22. Nd5 Bxd5 23. exd5 Ra6 24. c3 b4 25. a4 Raa8 26. Qd3 bxc3 27. bxc3 Rb7 28.
Ra2 Rc8 29. Ne2 Nd7 30. Rb1 Rxb1+ 31. Qxb1 Qc4 32. Qb7 Qxa2 33. Qxc8+ Nf8 34.
Kf2 Qxd5 35. Qd8 h5 36. Bb6 Kh7 37. Bxa5 Ne6 38. Qb6 Nc5 39. Bb4 Nd3+ 40. Kg1
Qa2 41. Ng3 d5 42. a5 h4 43. Nf1 d4 44. Qd8 Qf2+ 45. Kh2 Ne1 46. Qg5 Nxf3+ 0-1

[Event "Wacker Bergeborbeck 1 - Königsspr. Hamm"]
[Site "Verbandsklasse - Gruppe 1 201"]
[Date "2018.11.04"]
[Round "3.4"]
[White "Brandhorst, Dieter"]
[Black "Eusgeld, Michael"]
[Result "0-1"]
[WhiteElo "1893"]
[BlackElo "1811"]
[PlyCount "114"]
[EventDate "2018.??.??"]

1. e4 e6 2. d4 d5 3. e5 c5 4. c3 Ne7 5. Nf3 Nbc6 6. Bd3 Ng6 7. O-O cxd4 8. cxd4
Nb4 9. Bb5+ Bd7 10. Bxd7+ Qxd7 11. a3 Nc6 12. Nc3 Be7 13. Bf4 Nxf4 14. Qd2 Ng6
15. b4 O-O 16. Rac1 a6 17. Na4 Qd8 18. Nc5 Bxc5 19. Rxc5 Rc8 20. Rfc1 Qd7 21.
h4 Qe7 22. g3 h6 23. h5 Nh8 24. Kg2 Na7 25. a4 Rxc5 26. bxc5 Nc6 27. Rb1 f5 28.
Rb6 Rb8 29. Qb2 Qe8 30. Nh4 Nf7 31. Ng6 Nfd8 32. Nf4 Rc8 33. Qd2 Rc7 34. Ng6
Nf7 35. Qb2 Qd7 36. f4 Ne7 37. Nh4 Nc8 38. Rb4 Nd8 39. Qa1 Nc6 40. Rb1 Qe8 41.
Nf3 Na5 42. Rh1 b6 43. Qa3 Nc4 44. Qb4 bxc5 45. dxc5 a5 46. Qb3 Rxc5 47. Nd4
N8b6 48. Ra1 Rc8 49. Ra2 Rb8 50. Kf2 Nd7 51. Qd1 Nc5 52. g4 Ne4+ 53. Kg1 Nc3
54. Qc2 Nxa2 55. Qxa2 Rb2 56. Qa1 Qb8 57. Nb5 Qb6+ 0-1

[Event "Wacker Bergeborbeck 1 - Königsspr. Hamm"]
[Site "Verbandsklasse - Gruppe 1 201"]
[Date "2018.11.04"]
[Round "3.5"]
[White "Backmann, Hans"]
[Black "Schaedlich, Andreas"]
[Result "0-1"]
[WhiteElo "1729"]
[BlackElo "1881"]
[PlyCount "56"]
[EventDate "2018.??.??"]

1. c4 c5 2. g3 g6 3. Bg2 Bg7 4. Nc3 Nf6 5. e3 Nc6 6. a3 d6 7. Nge2 O-O 8. O-O
Bg4 9. h3 Bd7 10. Rb1 Qc8 11. Kh2 e6 12. b4 cxb4 13. axb4 Ne7 14. d3 Bc6 15. e4
Rd8 16. b5 Be8 17. Ba3 Qd7 18. Qb3 Rac8 19. Bb4 b6 20. Qa3 Bf8 21. Nd4 Rc7 22.
Nf3 Nh5 23. h4 Bg7 24. Bh3 f5 25. exf5 gxf5 26. Rbe1 h6 27. Qc1 Bf7 28. Qe3 e5
0-1

[Event "Wacker Bergeborbeck 1 - Königsspr. Hamm"]
[Site "Verbandsklasse - Gruppe 1 201"]
[Date "2018.11.04"]
[Round "3.6"]
[White "Alinsug, Salvadore"]
[Black "Struebig, Dominik"]
[Result "0-1"]
[WhiteElo "1711"]
[BlackElo "1702"]
[Annotator "Daniel"]
[PlyCount "104"]
[EventDate "2018.??.??"]

1. e4 c5 2. Nf3 Nc6 3. Bc4 e6 4. Nc3 Nf6 5. O-O d6 6. d4 cxd4 7. Nxd4 Be7 8.
Be3 O-O 9. Kh1 Ne5 10. Be2 d5 11. exd5 exd5 12. f4 Neg4 13. Bg1 Bb4 14. h3 Bxc3
15. bxc3 Ne4 16. Bxg4 Ng3+ 17. Kh2 Nxf1+ 18. Kh1 Ng3+ 19. Kh2 Ne4 20. Bf3 Qc7
21. Ne2 Be6 22. Bd4 Rfe8 23. Be5 Qc4 24. Qe1 f6 25. Bd4 Nd6 26. Qd2 Nf5 27. Bf2
Bf7 28. g4 Nd6 29. Bd4 Ne4 30. Qe1 Nc5 31. Qd2 Ne4 32. Qe1 $11 Qc7 33. Kg2 Re7
34. Rd1 Rae8 35. Qf1 Nd6 36. Ng3 Nc4 37. Nf5 Rd7 38. Re1 Rxe1 39. Qxe1 Qxf4 40.
Qh4 Bg6 41. Qe1 Ne5 42. Nh4 Bxc2 43. Bxa7 Be4 44. Qe2 Nxf3 45. Nxf3 Re7 46. Bd4
Bxf3+ 47. Qxf3 Qd2+ 48. Kg3 Qxa2 49. Bc5 Re5 50. Bd4 Qe2 51. Bxe5 Qxf3+ 52.
Kxf3 fxe5 0-1

[Event "Wacker Bergeborbeck 1 - Königsspr. Hamm"]
[Site "Verbandsklasse - Gruppe 1 201"]
[Date "2018.11.04"]
[Round "3.7"]
[White "Dreckmann, Guenter"]
[Black "Grimke, Michael"]
[Result "0-1"]
[WhiteElo "1605"]
[BlackElo "1705"]
[PlyCount "82"]
[EventDate "2018.??.??"]

1. Nf3 d6 2. d4 g6 3. c4 Bg7 4. Nc3 Nf6 5. Bg5 O-O 6. Qd2 Re8 7. O-O-O Ng4 8.
e4 f6 9. Bf4 g5 10. Bg3 Nh6 11. h4 g4 12. Bf4 Nf7 13. Ne1 Nd7 14. h5 e5 15. h6
Bf8 16. dxe5 Ndxe5 17. Nc2 a5 18. Nd4 a4 19. Nf5 Bxf5 20. exf5 a3 21. b3 Qd7
22. Nd5 Qd8 23. Rh4 c6 24. Ne3 Qd7 25. Be2 b5 26. c5 d5 27. b4 Ng5 28. Bxg4
Nxg4 29. Rxg4 Qd8 30. Bd6 Kf7 31. Bxf8 Kxf8 32. Kc2 Qe7 33. f4 Ne4 34. Qe1 Nxc5
35. bxc5 Qxc5+ 36. Kb1 Rxe3 37. Qd2 Ra4 38. Rc1 Rb4+ 39. Ka1 Rc4 40. Kb1 Rxc1+
41. Qxc1 Qb4+ 0-1

[Event "Wacker Bergeborbeck 1 - Königsspr. Hamm"]
[Site "Verbandsklasse - Gruppe 1 201"]
[Date "2018.11.04"]
[Round "3.8"]
[White "Fross, Klaus"]
[Black "Lohkemper, Malte"]
[Result "1/2-1/2"]
[WhiteElo "1621"]
[BlackElo "1588"]
[PlyCount "68"]
[EventDate "2018.??.??"]

1. d4 Nf6 2. Nf3 d5 3. e3 Bf5 4. Be2 e6 5. O-O Be7 6. Re1 O-O 7. c4 c6 8. Nc3
Nbd7 9. h3 h6 10. Bd2 Qc7 11. Rc1 Rac8 12. a3 dxc4 13. Bxc4 Ne4 14. Nxe4 Bxe4
15. Be2 Bf6 16. Bc3 Nb6 17. Nd2 Bh7 18. Bf3 Nd5 19. Bxd5 exd5 20. b4 Qd7 21.
Ba1 Rfe8 22. Qf3 Qf5 23. Qxf5 Bxf5 24. g4 Bh7 25. Kg2 Bh4 26. Rc3 Re6 27. Re2
Rce8 28. f3 f5 29. f4 fxg4 30. hxg4 Be4+ 31. Nxe4 Rxe4 32. Kf3 Bf6 33. Rcc2 Kf7
34. Bb2 Ke6 1/2-1/2

[Event "Marten-Bövinghausen 1 - SKG. Kupferdreh"]
[Site "Verbandsklasse - Gruppe 2 201"]
[Date "2018.11.04"]
[Round "3.1"]
[White "Unteregge, Michael"]
[Black "Hellwig, Thomas"]
[Result "1/2-1/2"]
[WhiteElo "2018"]
[BlackElo "1892"]
[PlyCount "61"]
[EventDate "2018.??.??"]

1. Nf3 Nf6 2. c4 c5 3. Nc3 g6 4. g3 Bg7 5. Bg2 Nc6 6. d4 cxd4 7. Nxd4 O-O 8.
O-O d6 9. Nxc6 bxc6 10. Bxc6 Bh3 11. Bxa8 Qxa8 12. f3 Bxf1 13. Kxf1 Rc8 14. Qd3
Qb7 15. Rb1 Nd7 16. Bd2 Ne5 17. Qd5 Qd7 18. b3 Qh3+ 19. Kg1 h5 20. Qe4 e6 21.
Nd1 d5 22. cxd5 exd5 23. Qxd5 Rc2 24. Rc1 Qf5 25. Ne3 Nxf3+ 26. exf3 Qxd5 27.
Nxd5 Rxd2 28. Nc3 Bd4+ 29. Kh1 Bxc3 30. Rxc3 Rxa2 31. Rc7 1/2-1/2

[Event "Marten-Bövinghausen 1 - SKG. Kupferdreh"]
[Site "Verbandsklasse - Gruppe 2 201"]
[Date "2018.11.04"]
[Round "3.2"]
[White "Große-Venhaus, Philipp"]
[Black "Krimphoff, Ingo"]
[Result "0-1"]
[WhiteElo "1793"]
[BlackElo "1930"]
[Annotator "Daniel"]
[PlyCount "96"]
[EventDate "2018.??.??"]

1. e4 c6 2. d4 d5 3. exd5 cxd5 4. Nf3 Nf6 5. c3 Qc7 6. g3 Bg4 7. Bg2 e6 8. Qa4+
Nbd7 9. Bf4 Qb6 10. Nbd2 Be7 11. O-O $11 O-O 12. c4 Rfd8 13. c5 Qc6 14. Qxc6
bxc6 15. b4 Nh5 16. Bc7 Rdc8 17. Ba5 Bf6 18. Nb3 g6 19. h3 Bxf3 20. Bxf3 Ng7
21. Rad1 e5 22. Be2 Ne6 23. Ba6 Rcb8 24. a4 exd4 25. Rfe1 Ne5 26. Kg2 Nc4 27.
Bxc4 dxc4 28. Nd2 c3 29. Ne4 Bg7 30. Rd3 Re8 31. Kf1 Rab8 32. Nd6 Re7 33. f4 f5
34. h4 Kf8 35. Re2 Bf6 36. Kf2 Ng7 37. b5 Rxe2+ 38. Kxe2 Ne6 39. Bb4 Bxh4 40.
Ba3 Be7 41. bxc6 Rb3 42. Bc1 Bxd6 43. cxd6 Ke8 44. Kd1 Rb6 45. c7 Kd7 46. Ba3
Rb3 47. Bc1 Rb4 48. Kc2 Rxa4 0-1

[Event "Marten-Bövinghausen 1 - SKG. Kupferdreh"]
[Site "Verbandsklasse - Gruppe 2 201"]
[Date "2018.11.04"]
[Round "3.3"]
[White "Praemaßing, Reiner"]
[Black "Gielisch, Eckhart"]
[Result "1/2-1/2"]
[WhiteElo "1834"]
[BlackElo "1771"]
[PlyCount "55"]
[EventDate "2018.??.??"]

1. e4 e6 2. d3 d5 3. Nd2 Nf6 4. Ngf3 Be7 5. g3 O-O 6. Bg2 c5 7. O-O Nc6 8. Re1
Qc7 9. Nf1 dxe4 10. dxe4 Rd8 11. Bd2 e5 12. c3 Be6 13. Qe2 h6 14. Nh4 Rd7 15.
Nf5 Bf8 16. f4 Bxf5 17. exf5 exf4 18. Bxf4 Bd6 19. Bxd6 Rxd6 20. Qc4 b6 21. Re2
Rad8 22. Rae1 Nd5 23. Re8+ Kh7 24. Rxd8 Qxd8 25. Qa4 Qd7 26. Rd1 Nce7 27. Qxd7
Rxd7 28. Ne3 1/2-1/2

[Event "Marten-Bövinghausen 1 - SKG. Kupferdreh"]
[Site "Verbandsklasse - Gruppe 2 201"]
[Date "2018.11.04"]
[Round "3.4"]
[White "Boxberg, Marc"]
[Black "Zagrabski, Kevin"]
[Result "1/2-1/2"]
[WhiteElo "1801"]
[BlackElo "1871"]
[PlyCount "27"]
[EventDate "2018.??.??"]

1. e4 g6 2. d4 Bg7 3. c4 Nc6 4. Nf3 e5 5. d5 Nd4 6. Nbd2 c5 7. dxc6 dxc6 8. Nb3
b6 9. h3 c5 10. Bd3 Ne7 11. Nbxd4 exd4 12. Bf4 O-O 13. O-O h6 14. Qd2 1/2-1/2